Представление документа в формате MARC21

ПолеНазваниеЗначение
  Тип записи a
  Библиографический уровень m
001 Контрольный номер RU\infra-m\znanium\bibl\2235070
005 Дата корректировки 20260429142117.7
008 Кодируемые данные 260120s2025 RU g rus u
020 Индекс ISBN __
a ISBN 978-5-9614-2573-4
040 Источник каталогиз. __
a Служба первич. каталог. Общество с ограниченной ответственностью «ЗНАНИУМ»
041 Код языка издания __
a Код языка текста rus
044 Код страны публикации __
a Код страны публикации RU
080 Индекс УДК __
a Индекс УДК 687
084 Индекс другой классификации/Индекс ББК __
2 Источник индекса rubbk
a Индекс другой классификации/Индекс ББК 38937
084 Индекс другой классификации/Индекс ББК __
2 Источник индекса okso
a Индекс другой классификации/Индекс ББК 31.08.38
100 Автор __
a Автор Ворслав М.
q Полное имя Ворслав Маша
245 Заглавие __
a Заглавие Нормально о косметике: Как разобраться в уходе и макияже и не сойти с ума
b Продолж. заглавия Практическое пособие
250 Сведения об издании __
a Основные сведения об издании 2
260 Выходные данные __
a Место издания Москва
b Издательство ООО "Альпина Паблишер"
c Дата издания 2026
300 Физическое описание __
a Объем 368 с.
520 Аннотация __
a Аннотация Без заигрываний и навязывания своих мнений бьюти-редактор Маша Ворслав и бьюти-журналист Адэль Мифтахова рассказывают об уходе и макияже в книге «Нормально о косметике». «Нормально» — то есть аргументированно и понятным языком. Для удобства книга разделена на две части: в первой — все про ухаживающую косметику во второй — про макияж. Из первой части вы узнаете какой вообще бывает косметика и как с помощью уходовых средств решить те или иные задачи. Вторая часть научит использовать декоративную косметику зная полезные закономерности. В этой книге нет советов как стать «красивыми» или «привлекательными» зато есть масса прикладной информации которая поможетпонять как обращаться с косметикой и как ее выбирать. А с какой целью вы будете этой информацией пользоваться решать только вам.
521 Примеч. о цел. назн. __
a Примеч. о целев. назн. Дополнительное образование
650 Тематические рубрики __
a Основная рубрика Художественная литература. Досуг
x Основная подрубрика Красота. Здоровье
655 Указ. предметных рубрик (устаревшее) __
a Жанр/ форма (устаревшее) Практическое пособие
700 Другие авторы __
a Другие авторы Мифтахова А.
q Полное имя Мифтахова Адэль
856 Электронный адрес документа 4_
a Имя сервера/домена znanium.ru
m Помощь ebs_support@infra-m.ru
n Местонахождение сервера НИЦ ИНФРА-М
u URL https://znanium.ru/catalog/document?id=473450
856 Электронный адрес документа 48
a Имя сервера/домена znanium.ru
d Путь /cover/2235
f Электронное имя 2235070.jpg
q Тип электронного формата image/jpeg
u URL https://znanium.ru/cover/2235/2235070.jpg
911 __
u 0030=https://znanium.ru/catalog/document?id=473450